000
00340nam a2200133Ia 4500
008
100328s9999 xx 000 0 und d
082
_b
73571
100
_a
सावंत हेमंत.
245
_a
कालकूट.
260
_b
आनंद.
630
_a
कालकूट.
730
_a
कालकूट.
942
_c
BOOK
999
_c
559292
_d
559289